=LDR 00000nam 2200000 4500 =001 INLIS000000000022067 =005 20130612120849 =008 ***********************************Ind** =035 ##$$0010-061300000022067 =041 ##$$a Ind =082 ##$$a 671.5 =090 ##$$a 671.5, Sut p =100 ##$$a Sutarjo =245 ##$$a Petunjuk praktek las asetilin dan las listrik, Drs. Soetardjo =260 ##$$a 1997 $b Surabaya =300 ##$$a 100 hlm, ilus, 21 cm =650 ##$$a Las Listrik =850 ##$$a NBPNMAT